000 00386nam a2200145Ia 4500
008 230917s9999||||xx |||||||||||||| ||und||
040 _e66751
_aMAIN
041 _aEnglish
082 _a616.89 F216P
100 _aFann, William E, ed
245 0 _aPhenomenalogy and treatment of psychophysiological disorders
260 _aEngland
_bMTP Pess
_c1982
300 _a297 p.
942 _cBK
999 _c229873
_d229873